Introduction to Particle and Astroparticle Physics : (Record no. 30390)
[ view plain ]
| 000 -LEADER | |
|---|---|
| fixed length control field | 00730 a2200181 4500 |
| 020 ## - INTERNATIONAL STANDARD BOOK NUMBER | |
| International Standard Book Number | 978-88-470-2687-2 |
| 082 ## - DEWEY DECIMAL CLASSIFICATION NUMBER | |
| Classification number | 539.72 |
| 090 ## - LOCALLY ASSIGNED LC-TYPE CALL NUMBER (OCLC); LOCAL CALL NUMBER (RLIN) | |
| -- | 1783 |
| -- | 1783 |
| 100 ## - MAIN ENTRY--PERSONAL NAME | |
| Personal name | Angelis, Alessandro De |
| 245 ## - TITLE STATEMENT | |
| Title | Introduction to Particle and Astroparticle Physics : |
| Remainder of title | Questions to the Universe |
| Statement of responsibility, etc. | Alessandro De Angelis and Mario Joao Martins Pimenta |
| 260 ## - PUBLICATION, DISTRIBUTION, ETC. | |
| Place of publication, distribution, etc. | New York |
| Name of publisher, distributor, etc. | Springer |
| Date of publication, distribution, etc. | 2015 |
| 300 ## - PHYSICAL DESCRIPTION | |
| Extent | xxiii, 661 |
| 440 ## - SERIES STATEMENT/ADDED ENTRY--TITLE | |
| Title | Undergraduate Lecture Notes in Physics |
| 490 ## - SERIES STATEMENT | |
| Series statement | Undergraduate Lecture Notes in Physics |
| 830 ## - SERIES ADDED ENTRY--UNIFORM TITLE | |
| Uniform title | Undergraduate Lecture Notes in Physics |
| 942 ## - ADDED ENTRY ELEMENTS (KOHA) | |
| Institution code [OBSOLETE] | SNS |
| Koha item type | Book |
| Call number prefix | 539.72 ANG |
| Withdrawn status | Lost status | Damaged status | Not for loan | Permanent Location | Current Location | Date acquired | Total Checkouts | Total Renewals | Full call number | Barcode | Date last seen | Date last checked out | Price effective from | Koha item type |
|---|---|---|---|---|---|---|---|---|---|---|---|---|---|---|
| School of Natural Sciences (SNS) | School of Natural Sciences (SNS) | 05/26/2016 | 2 | 1 | 539.72 ANG | SNS0002195 | 11/29/2021 | 11/08/2021 | 05/26/2016 | Book |
